MLB Top MVP, Cy Young, and ROY 2003 - Statistics

General Stats
  • This quiz has been taken 32 times
  • The average score is 21 of 39
Answer Stats
# Player Team Pos. % Correct
1 Alex Rodriguez TEX SS
100%
1 Barry Bonds SFG LF
96%
5 David Ortiz BOS DH
96%
3 Pedro Martinez BOS P
96%
4 Russ Ortiz ATL P
96%
7 Todd Helton COL 1B
92%
3 Jorge Posada NYY C
88%
7 Nomar Garciaparra BOS SS
84%
1 Roy Halladay TOR P
84%
4 Tim Hudson OAK P
80%
6 Manny Ramirez BOS LF
76%
2 Albert Pujols STL LF
72%
8 Sammy Sosa CHC RF
72%
2 Carlos Delgado TOR 1B
68%
6 Éric Gagné LAD P
68%
1 Éric Gagné LAD P
68%
1 Dontrelle Willis FLA P
60%
10 Bret Boone SEA 2B
56%
4 Jim Thome PHI 1B
56%
8 Vernon Wells TOR CF
56%
3 Brandon Webb ARI P
52%
9 Carlos Beltrán KCR CF
48%
9 Mark Prior CHC P
48%
3 Mark Prior CHC P
48%
5 Jamie Moyer SEA P
44%
5 Javy López ATL C
40%
10 Juan Pierre FLA CF
40%
5 Mark Teixeira TEX 1B
32%
5 Miguel Cabrera FLA LF
32%
1 Ángel Berroa KCR SS
28%
2 Hideki Matsui NYY LF
24%
2 Jason Schmidt SFG P
24%
2 Esteban Loaiza CHW P
20%
3 Gary Sheffield ATL RF
20%
4 Shannon Stewart TOR/MIN LF
20%
3 Rocco Baldelli TBD CF
16%
4 Jody Gerut CLE RF
4%
4 Marlon Byrd PHI CF
4%
2 Scott Podsednik MIL CF
4%
No matching quizzes found
Score Distribution
Percent of People with Each Score
Percentile by Number Answered
Your Score History
You have not taken this quiz